| 000 | 00587nam a2200169Ia 4500 | ||
|---|---|---|---|
| 008 | 090201s9999 xx 000 0 und d | ||
| 010 | _aKPL-64222 | ||
| 040 | _bमराठी | ||
| 041 | _aमराठी | ||
| 082 |
_a30325 _b64222 |
||
| 100 | _aनरवणे अंजली / अडाळजा वर्षा | ||
| 245 |
_aरेतीचा पक्षी _cनरवणे अंजली / अडाळजा वर्षा |
||
| 260 |
_c2004 _bनंदादीप |
||
| 300 |
_a160 _bमोठा |
||
| 600 | _aरेतीचा पक्षी | ||
| 942 | _cBOOK | ||
| 999 |
_c228867 _d228867 |
||